| 000 | 01045nam a2200229Ia 4500 | ||
|---|---|---|---|
| 003 | OSt | ||
| 005 | 20211118124418.0 | ||
| 008 | 210310s1963 eu fr 000 0 eng d | ||
| 040 |
_aCO-JMCR _cCO-JMCR |
||
| 041 | 0 | _aeng | |
| 082 | 0 | 4 |
_a338.9 / _bH143p _223 |
| 100 | 1 |
_aHagen, Everett E., _918339 _eeditor |
|
| 245 | 1 | 0 |
_aPlanning economic development / _bA Study from the Center for International Studies Massachusetts Institute of Technology / _cedited by Everett E. Hagen |
| 260 |
_aIllinois : _bRichard D. Irwin, Inc., _c1963 |
||
| 300 |
_ax, 380 páginas ; _c23 cm. |
||
| 490 | 0 | _aThe irwin series in economics | |
| 500 | _aIncluye notas a pie de página. | ||
| 505 | 0 | _aAn introductory discussion -- A decade of experience with formal planning machinery: there cases in south Asia -- Varying planning procedures in there countries with a decade of rapid growth -- There other cases of special interest -- A summary discussion | |
| 650 | 1 | 4 |
_aDesarrollo económico _918341 |
| 650 | 2 | 4 |
_aEconomía del desarrollo _941595 |
| 942 |
_2ddc _cBK |
||
| 999 |
_c8806 _d8806 |
||